الجمل : سفينة الصحراء : (رقم التسجيلة. 53663)
[ عرض عادي ]
| 000 -LEADER | |
|---|---|
| fixed length control field | 00652nam a22002057a 4500 |
| 005 - DATE AND TIME OF LATEST TRANSACTION | |
| control field | 20251108171001.0 |
| 008 - FIXED-LENGTH DATA ELEMENTS--GENERAL INFORMATION | |
| fixed length control field | 250721s1997 xx 000 0 ara d |
| 020 ## - INTERNATIONAL STANDARD BOOK NUMBER | |
| International Standard Book Number | 9960203549 |
| 082 14 - DEWEY DECIMAL CLASSIFICATION NUMBER | |
| Classification number | ط/ 599.73/جمل |
| 100 1# - MAIN ENTRY--PERSONAL NAME | |
| Personal name | فتحي، تراجي |
| Relator term | Tran. |
| 245 10 - TITLE STATEMENT | |
| Title | الجمل : سفينة الصحراء : |
| Remainder of title | سفينة الصحراء / |
| 264 1# - PRODUCTION, PUBLICATION, DISTRIBUTION, MANUFACTURE, AND COPYRIGHT NOTICE | |
| Place of production, publication, distribution, manufacture | الرياض : |
| Name of producer, publisher, distributor, manufacturer | مكتبة العبيكان، |
| Date of production, publication, distribution, manufacture, or copyright notice | 1997. |
| 300 ## - PHYSICAL DESCRIPTION | |
| Extent | 29ص.: مص |
| 490 0# - SERIES STATEMENT | |
| Series statement | أسرار عالم الحيوان |
| Volume/sequential designation | 14 |
| 650 17 - SUBJECT ADDED ENTRY--TOPICAL TERM | |
| Topical term or geographic name as entry element | الإبل |
| 650 17 - SUBJECT ADDED ENTRY--TOPICAL TERM | |
| Topical term or geographic name as entry element | الإبل |
| 653 ## - INDEX TERM--UNCONTROLLED | |
| Uncontrolled term | أطفال مرحلة متوسطة (6-9 سنوات) |
| 942 ## - ADDED ENTRY ELEMENTS (KOHA) | |
| Source of classification or shelving scheme | Dewey Decimal Classification |
| Koha item type | كتب |
| حالة السحب | حالة الفقدان | مصدر التصنيف | حالة التلف | غير قابل للإعارة | المكتبة الرئيسية | المكتبة الحالية | موقع الرف | تاريخ التزويد | الرقم المتسلسل | Total Checkouts | رقم الإستدعاء | الباركود | تاريخ آخر ظهور | تاريخ الفاتورة | نوع المادة (كوها) |
|---|---|---|---|---|---|---|---|---|---|---|---|---|---|---|---|
| Dewey Decimal Classification | مكتبة أم المؤمنين للأطفال | مكتبة أم المؤمنين للأطفال | الأطفال | 28/07/2025 | 418503 | ط/ 599.73/جمل | 418503 | 28/07/2025 | 28/07/2025 | كتب | |||||
| Dewey Decimal Classification | مكتبة الراية الهاشمية للأطفال | مكتبة الراية الهاشمية للأطفال | الأطفال | 27/10/2015 | 298064 | ط/ 599.73/جمل | PLD00360123 | 28/07/2025 | 27/10/2015 | كتب | |||||
| Dewey Decimal Classification | مكتبة بدر للأطفال | مكتبة بدر للأطفال | الأطفال | 22/08/2022 | 290676 | ط/ 599.73/جمل | PLD00499984 | 28/07/2025 | 22/08/2022 | كتب | |||||
| Dewey Decimal Classification | مكتبة وادي السير العامة | مكتبة وادي السير العامة | الأطفال | 28/10/2015 | 257926 | ط/ 599.73/جمل | PLD00360780 | 28/07/2025 | 28/10/2015 | كتب |